000 00677nam a2200241Ia 4500
003 OSt
005 20220918205259.0
006 a|||||r|||| 00| 0
007 ta
008 220917b |||||||| |||| 00| 0 eng d
024 _a115,965
037 _cTextual
040 _aARTS
_cARTS
_beng
041 _2eng
_aeng
082 _aV591.N7-G80, L7.2
100 _aShaw S J
_9114650
245 0 _aHistory of the Ottoman Empire and modern Turkey
260 _aCambridge
_bCambridge University Press
_c1977
650 _aHISTORY
700 _a Shaw E K
_9114651
942 _hV591.N7-G80, L7.2
_cTEXL
_2CC
999 _c239293
_d239293